[Event "2. Bundesliga Ost 2015/2016"]
[Site "Wien"]
[Date "2016.02.21"]
[Round "6"]
[Board "3"]
[White "Kummer, Helmut"]
[Black "Todor, Razvan"]
[Result "1/2-1/2"]
[WhiteElo "2295"]
[BlackElo "2153"]
[PlyCount "125"]
[EventDate "2015.10.17"]
[EventType "team"]
[EventRounds "11"]
[EventCountry "AUT"]
[WhiteTeam "SK Purbach"]
[BlackTeam "SK Hietzing"]

1. d4 Nf6 2. c4 g6 3. Nc3 d5 4. Nf3 Bg7 5. Bg5 Ne4 6. Bh4 Nxc3 7. bxc3 dxc4 8.
Qa4+ Nd7 9. Qxc4 Nf6 10. e3 O-O 11. Bd3 Nd5 12. O-O c6 13. Qb3 c5 14. Rac1 Nb6
15. Qa3 Qc7 16. Qxc5 Qxc5 17. dxc5 Nd5 18. Bc4 Nxc3 19. Bxe7 Re8 20. Bd6 Be6
21. Bxe6 Rxe6 22. Rc2 Ne4 23. Rd1 Rc8 24. Bf4 Nxc5 25. g4 b6 26. Rd7 Ra8 27.
Rc7 h6 28. g5 hxg5 29. Nxg5 Rf6 30. h4 Bf8 31. Bg3 a5 32. e4 Re8 33. f3 Bg7 34.
Kg2 Bf8 35. e5 Rf5 36. Ne4 Be7 37. Nd6 Bxd6 38. exd6 Rd5 39. Re7 Kf8 40. Rc7
Rd8 41. Rb2 Rb8 42. Kh3 Kg7 43. Re2 Kf6 44. Ree7 Rf8 45. Ra7 a4 46. Rec7 Rd3
47. Rc6 Rxf3 48. Kg2 Rd3 49. Rxb6 Ne4 50. Bf4 Kf5 51. Bh6 Rc8 52. Rxf7+ Kg4 53.
Rc7 Rxd6 54. Rxc8 Rxb6 55. Rc4 Rb2+ 56. Kg1 Kf3 57. Rxa4 Rb1+ 58. Kh2 Rb2+ 59.
Kg1 Rg2+ 60. Kf1 Rf2+ 61. Kg1 Rg2+ 62. Kf1 Rf2+ 63. Kg1 1/2-1/2

[Event "2. Bundesliga Ost 2015/2016"]
[Site "Wien"]
[Date "2016.02.21"]
[Round "6"]
[Board "4"]
[White "Janetschek, Karl"]
[Black "Wiedermann, Daniel"]
[Result "1/2-1/2"]
[WhiteElo "2234"]
[BlackElo "2135"]
[PlyCount "70"]
[EventDate "2015.10.17"]
[EventType "team"]
[EventRounds "11"]
[EventCountry "AUT"]
[WhiteTeam "SK Hietzing"]
[BlackTeam "SK Purbach"]

1. e4 c6 2. d4 d5 3. Nc3 dxe4 4. Nxe4 Bf5 5. Ng3 Bg6 6. Nf3 Nd7 7. h4 h6 8. h5
Bh7 9. Bd3 Bxd3 10. Qxd3 e6 11. Bd2 Ngf6 12. O-O-O Be7 13. Kb1 O-O 14. Ne4 Nxe4
15. Qxe4 Nf6 16. Qe2 Qd5 17. Ne5 Qe4 18. Qxe4 Nxe4 19. Be1 Rfd8 20. f3 Nd6 21.
Ba5 Re8 22. g4 Bf6 23. Rhe1 Bd8 24. Bb4 Bc7 25. a4 f6 26. Nd3 a5 27. Bc3 b5 28.
Nc5 Kf7 29. b3 Rad8 30. Rd3 Bb6 31. Red1 Re7 32. Be1 Nb7 33. Nxb7 Rxb7 34. axb5
cxb5 35. d5 Rbd7 1/2-1/2

[Event "2. Bundesliga Ost 2015/2016"]
[Site "Wien"]
[Date "2016.02.21"]
[Round "6"]
[Board "5"]
[White "Zimmermann, Heinz"]
[Black "Wagner, Stefan"]
[Result "1/2-1/2"]
[WhiteElo "2179"]
[BlackElo "2145"]
[PlyCount "80"]
[EventDate "2015.10.17"]
[EventType "team"]
[EventRounds "11"]
[EventCountry "AUT"]
[WhiteTeam "SK Purbach"]
[BlackTeam "SK Hietzing"]

1. d4 Nf6 2. Bg5 e6 3. Nd2 c5 4. e3 b6 5. c3 Bb7 6. Ngf3 Be7 7. Bd3 d6 8. Qe2
Nc6 9. O-O Qc7 10. e4 e5 11. dxe5 dxe5 12. Nc4 O-O 13. Bxf6 Bxf6 14. Ne3 Ne7
15. Rfd1 g6 16. Rd2 Rad8 17. Rad1 Bc6 18. Bb5 Rxd2 19. Rxd2 Rd8 20. Bxc6 Rxd2
21. Qxd2 Qxc6 22. Qd3 Kg7 23. b3 Qe6 24. h3 h5 25. g4 hxg4 26. hxg4 Nc6 27. Qd5
Bd8 28. Kg2 Bc7 29. Qxe6 fxe6 30. Kf1 b5 31. Ke2 a6 32. a3 Kf6 33. Kd3 Na5 34.
g5+ Kf7 35. Kc2 Nc6 36. Ng4 Ke8 37. Kd3 Kf7 38. Nh6+ Ke8 39. Ng4 Kf7 40. Kd2
Ke7 1/2-1/2

[Event "2. Bundesliga Ost 2015/2016"]
[Site "Wien"]
[Date "2016.02.21"]
[Round "6"]
[Board "6"]
[White "Stadler, Peter"]
[Black "Rainprecht, Bernhard"]
[Result "1/2-1/2"]
[WhiteElo "2142"]
[BlackElo "2104"]
[PlyCount "69"]
[EventDate "2015.10.17"]
[EventType "team"]
[EventRounds "11"]
[EventCountry "AUT"]
[WhiteTeam "SK Hietzing"]
[BlackTeam "SK Purbach"]

1. Nf3 c5 2. c4 Nc6 3. d4 cxd4 4. Nxd4 g6 5. e4 Bg7 6. Be3 d6 7. Nc3 Nf6 8. Be2
Bd7 9. O-O O-O 10. f3 Ne8 11. Qd2 Nxd4 12. Bxd4 Bc6 13. Rfd1 Bxd4+ 14. Qxd4 e5
15. Qe3 Qe7 16. Rac1 Ng7 17. Nd5 Bxd5 18. cxd5 f5 19. Rc2 Nh5 20. Rdc1 Nf4 21.
Bf1 Qh4 22. Kh1 fxe4 23. fxe4 Qf6 24. g3 Nh5 25. Be2 Ng7 26. Kg2 Rf7 27. Rc8+
Rf8 28. Rxf8+ Qxf8 29. Bg4 Qe7 30. h4 b6 31. Qc3 Rf8 32. Rf1 Rxf1 33. Kxf1 h5
34. Bh3 Ne8 35. Ke2 1/2-1/2

[Event "2. Bundesliga Ost 2015/2016"]
[Site "Wien"]
[Date "2016.02.21"]
[Round "6"]
[Board "1"]
[White "Videki, Sandor"]
[Black "Stanec, Nikolaus"]
[Result "1/2-1/2"]
[WhiteElo "2400"]
[BlackElo "2457"]
[PlyCount "63"]
[EventDate "2015.10.17"]
[EventType "team"]
[EventRounds "11"]
[EventCountry "AUT"]
[WhiteTeam "SC Data Technology Pressbaum/E."]
[BlackTeam "SC Donaustadt"]

1. Nf3 Nf6 2. c4 g6 3. Nc3 Bg7 4. d4 O-O 5. e4 d6 6. Be3 Bg4 7. Be2 Nbd7 8. Nd2
Bxe2 9. Qxe2 c5 10. d5 Re8 11. O-O e6 12. h3 exd5 13. cxd5 a6 14. a4 Nh5 15. g4
Nhf6 16. f3 Rc8 17. Bf4 Ne5 18. Bg3 c4 19. Bxe5 Rxe5 20. Nxc4 Re7 21. a5 Qc7
22. Nb6 Rce8 23. Rfc1 Qd8 24. Ra4 Nd7 25. Nxd7 Rxd7 26. Kg2 Qg5 27. Rc2 Rc7 28.
Qd2 Qf6 29. Nd1 Rec8 30. Rxc7 Rxc7 31. b3 h5 32. Rc4 1/2-1/2

[Event "2. Bundesliga Ost 2015/2016"]
[Site "Wien"]
[Date "2016.02.21"]
[Round "6"]
[Board "2"]
[White "Pingitzer, Harald"]
[Black "Rumpl, Erwin"]
[Result "1/2-1/2"]
[WhiteElo "2304"]
[BlackElo "2334"]
[PlyCount "27"]
[EventDate "2015.10.17"]
[EventType "team"]
[EventRounds "11"]
[EventCountry "AUT"]
[WhiteTeam "SC Donaustadt"]
[BlackTeam "SC Data Technology Pressbaum/E."]

1. c4 Nf6 2. Nf3 g6 3. g3 Bg7 4. Bg2 O-O 5. O-O c6 6. d4 d5 7. cxd5 cxd5 8. Ne5
e6 9. Nc3 Nfd7 10. f4 Nxe5 11. fxe5 Nc6 12. e3 Bd7 13. Bd2 Ne7 14. Qb3 1/2-1/2

[Event "2. Bundesliga Ost 2015/2016"]
[Site "Wien"]
[Date "2016.02.21"]
[Round "6"]
[Board "3"]
[White "Neumeier, Klaus"]
[Black "Sandhu, Mario"]
[Result "0-1"]
[WhiteElo "2284"]
[BlackElo "2254"]
[PlyCount "58"]
[EventDate "2015.10.17"]
[EventType "team"]
[EventRounds "11"]
[EventCountry "AUT"]
[WhiteTeam "SC Data Technology Pressbaum/E."]
[BlackTeam "SC Donaustadt"]

1. Nf3 Nf6 2. c4 g6 3. Nc3 Bg7 4. e4 O-O 5. d4 d6 6. h3 e5 7. d5 c6 8. Be3 cxd5
9. cxd5 Ne8 10. g4 f5 11. gxf5 gxf5 12. exf5 Bxf5 13. Rg1 Nd7 14. Bd3 Bxd3 15.
Bg5 Qa5 16. Qxd3 Nc5 17. Qe3 e4 18. Nd4 Nd3+ 19. Kd1 Nxb2+ 20. Kc2 Na4 21. Bh6
Rc8 22. Nc6 Rxf2+ 23. Kc1 Qxc3+ 24. Qxc3 Nxc3 25. Rxg7+ Nxg7 26. Ne7+ Kf7 27.
Nxc8 Nf5 28. Bd2 Rf1+ 29. Kb2 Na4+ 0-1

[Event "2. Bundesliga Ost 2015/2016"]
[Site "Wien"]
[Date "2016.02.21"]
[Round "6"]
[Board "4"]
[White "Petroczi, Thomas"]
[Black "Weissenbeck, Manuel"]
[Result "1/2-1/2"]
[WhiteElo "2192"]
[BlackElo "2246"]
[PlyCount "22"]
[EventDate "2015.10.17"]
[EventType "team"]
[EventRounds "11"]
[EventCountry "AUT"]
[WhiteTeam "SC Donaustadt"]
[BlackTeam "SC Data Technology Pressbaum/E."]

1. e4 c5 2. Nf3 d6 3. d4 cxd4 4. Nxd4 Nf6 5. Nc3 a6 6. Be3 e5 7. Nb3 Be6 8. f3
Be7 9. Qd2 Nbd7 10. O-O-O Rc8 11. g4 Qc7 1/2-1/2

[Event "2. Bundesliga Ost 2015/2016"]
[Site "Wien"]
[Date "2016.02.21"]
[Round "6"]
[Board "5"]
[White "Hechl, Gerald"]
[Black "Schwab, Rene"]
[Result "1/2-1/2"]
[WhiteElo "2205"]
[BlackElo "2214"]
[PlyCount "22"]
[EventDate "2015.10.17"]
[EventType "team"]
[EventRounds "11"]
[EventCountry "AUT"]
[WhiteTeam "SC Data Technology Pressbaum/E."]
[BlackTeam "SC Donaustadt"]

1. b3 c6 2. Bb2 d5 3. f4 Bf5 4. Nf3 e6 5. e3 Nd7 6. Be2 Bg4 7. Ne5 Bxe2 8. Qxe2
Ngf6 9. O-O Qc7 10. d3 Bd6 11. Nxd7 Kxd7 1/2-1/2

[Event "2. Bundesliga Ost 2015/2016"]
[Site "Wien"]
[Date "2016.02.21"]
[Round "6"]
[Board "6"]
[White "Schwab, Lukas"]
[Black "Schmidrathner, Christian"]
[Result "1-0"]
[WhiteElo "2155"]
[BlackElo "2078"]
[PlyCount "45"]
[EventDate "2015.10.17"]
[EventType "team"]
[EventRounds "11"]
[EventCountry "AUT"]
[WhiteTeam "SC Donaustadt"]
[BlackTeam "SC Data Technology Pressbaum/E."]

1. e4 c5 2. Nf3 d6 3. d4 cxd4 4. Nxd4 Nf6 5. Nc3 g6 6. Be2 Bg7 7. Be3 O-O 8.
O-O Nc6 9. Nb3 Be6 10. f4 Qd7 11. h3 a6 12. Bf3 Rab8 13. Nd4 Nxd4 14. Bxd4 b5
15. Nd5 Nxd5 16. exd5 Bxd4+ 17. Qxd4 Bf5 18. g4 Bxc2 19. Rac1 Rbc8 20. Qd2 Ba4
21. b3 b4 22. bxa4 Qxa4 23. Rc6 1-0

[Event "2. Bundesliga Ost 2015/2016"]
[Site "Wien"]
[Date "2016.02.21"]
[Round "6"]
[Board "1"]
[White "Weinzettl, Ernst"]
[Black "Chytilek, Roman"]
[Result "0-1"]
[WhiteElo "2299"]
[BlackElo "2345"]
[PlyCount "80"]
[EventDate "2015.10.17"]
[EventType "team"]
[EventRounds "11"]
[EventCountry "AUT"]
[WhiteTeam "ASVOE VHS Poechlarn"]
[BlackTeam "SV Stockerau"]

1. e4 c6 2. Nc3 d5 3. Nf3 Nf6 4. e5 Ne4 5. Ne2 Qb6 6. d4 e6 7. Nfg1 f6 8. f3
Ng5 9. exf6 gxf6 10. f4 Ne4 11. Ng3 Nd7 12. Nf3 c5 13. c3 Be7 14. Qb3 cxd4 15.
Nxe4 dxe4 16. Nxd4 Nc5 17. Qxb6 axb6 18. b4 Nd3+ 19. Bxd3 exd3 20. O-O O-O 21.
Re1 Rd8 22. Bd2 Bxb4 23. Nxe6 Bxe6 24. Rxe6 Kf7 25. Re4 Ba3 26. Kf1 Rd7 27. Ke1
Ra5 28. Rb1 Bc5 29. a4 Re7 30. Rxe7+ Kxe7 31. Bc1 Rxa4 32. Kd2 Rxf4 33. Kxd3
Rf1 34. Ra1 Kf7 35. h3 Rg1 36. g4 Rg3+ 37. Kc2 Rxh3 38. g5 Rh2+ 39. Kb3 Rh1 40.
gxf6 h5 0-1

[Event "2. Bundesliga Ost 2015/2016"]
[Site "Wien"]
[Date "2016.02.21"]
[Round "6"]
[Board "2"]
[White "Groetz, Harald"]
[Black "Loeffler, Stefan"]
[Result "0-1"]
[WhiteElo "2282"]
[BlackElo "2386"]
[PlyCount "102"]
[EventDate "2015.10.17"]
[EventType "team"]
[EventRounds "11"]
[EventCountry "AUT"]
[WhiteTeam "SV Stockerau"]
[BlackTeam "ASVOE VHS Poechlarn"]

1. Nf3 c5 2. e4 Nc6 3. d4 cxd4 4. Nxd4 Qb6 5. Nb3 Nf6 6. Nc3 e6 7. Bd3 Bb4 8.
O-O O-O 9. Be3 Qc7 10. f4 Bxc3 11. bxc3 d6 12. Kh1 b6 13. Qf3 Bb7 14. Qg3 d5
15. exd5 Nxd5 16. Bd2 f5 17. Rae1 Rf6 18. Re2 Nd8 19. Qe1 Rg6 20. Nd4 Nf6 21.
Rg1 Ne4 22. Bxe4 Bxe4 23. Rxe4 fxe4 24. Qxe4 Qb7 25. Qe2 Rf6 26. Re1 Qd5 27. a3
Nf7 28. Nf3 Rc8 29. h3 Qc4 30. Qd3 h6 31. Re4 Qxd3 32. cxd3 Rd8 33. d4 Nd6 34.
Re2 Nc4 35. Bc1 Rd5 36. Kg1 Rb5 37. Ne5 Rb1 38. Re1 Nxa3 39. Nd3 Nc4 40. g4 Rb3
41. g5 hxg5 42. fxg5 Rf3 43. Nf4 Rfxc3 44. g6 Rb1 45. Ne2 Rxh3 46. d5 Rh6 47.
Nf4 e5 48. Kf2 b5 49. d6 Nxd6 50. Rd1 exf4 51. Rxd6 Rxg6 0-1

[Event "2. Bundesliga Ost 2015/2016"]
[Site "Wien"]
[Date "2016.02.21"]
[Round "6"]
[Board "3"]
[White "Ganaus, Hannes"]
[Black "Stanivukovic, Drago"]
[Result "1-0"]
[WhiteElo "2279"]
[BlackElo "1928"]
[PlyCount "83"]
[EventDate "2015.10.17"]
[EventType "team"]
[EventRounds "11"]
[EventCountry "AUT"]
[WhiteTeam "ASVOE VHS Poechlarn"]
[BlackTeam "SV Stockerau"]

1. d4 d6 2. Nf3 Nf6 3. e3 g6 4. Be2 Bg7 5. O-O O-O 6. b3 Ne4 7. Bb2 c5 8. c4
Nc6 9. Qc1 cxd4 10. Nxd4 Nxd4 11. Bxd4 Bxd4 12. exd4 Qb6 13. Qe3 f5 14. Bf3 e5
15. dxe5 Qxe3 16. fxe3 dxe5 17. Bxe4 fxe4 18. Rxf8+ Kxf8 19. Nc3 Bf5 20. Rd1
Ke7 21. Kf2 h5 22. h4 Rf8 23. Ke1 Rd8 24. Rxd8 Kxd8 25. Nb5 a6 26. Nd6 Kc7 27.
Nf7 Kd7 28. Kd2 Ke7 29. Ng5 b6 30. Kc3 Kd6 31. b4 Ke7 32. b5 a5 33. c5 bxc5 34.
Kc4 Kd6 35. a3 a4 36. g3 Bc8 37. Nxe4+ Ke7 38. Kxc5 Bb7 39. Nd6 Ba8 40. e4 Kd7
41. b6 Bc6 42. b7 1-0

[Event "2. Bundesliga Ost 2015/2016"]
[Site "Wien"]
[Date "2016.02.21"]
[Round "6"]
[Board "4"]
[White "Schmid, Thomas"]
[Black "Wilke, Werner"]
[Result "1-0"]
[WhiteElo "2123"]
[BlackElo "2260"]
[PlyCount "99"]
[EventDate "2015.10.17"]
[EventType "team"]
[EventRounds "11"]
[EventCountry "AUT"]
[WhiteTeam "SV Stockerau"]
[BlackTeam "ASVOE VHS Poechlarn"]

1. e4 c5 2. Nf3 a6 3. c4 Nc6 4. d4 cxd4 5. Nxd4 e5 6. Nf5 d5 7. cxd5 Bxf5 8.
exf5 Nd4 9. Nc3 Ne7 10. Bd3 Nxd5 11. Be4 Nb4 12. O-O Nbc6 13. f4 Bc5 14. Kh1
O-O 15. fxe5 Nxe5 16. Qh5 Re8 17. Bg5 Qd6 18. Rad1 f6 19. Be3 Nec6 20. Rf4 Re5
21. Rh4 h6 22. Bxh6 Nxf5 23. Rxd6 Ng3+ 24. hxg3 Rxh5 25. Rxh5 Bxd6 26. Bf4 Rd8
27. Bd5+ Kf8 28. Rh8+ Ke7 29. Rxd8 Nxd8 30. Bxd6+ Kxd6 31. Kg1 b5 32. a3 Kc5
33. Kf2 a5 34. Bg8 b4 35. axb4+ axb4 36. Ne2 Nc6 37. Ke3 Ne5 38. b3 g5 39. Nc1
Ng4+ 40. Kf3 Nh6 41. Be6 Kd4 42. Na2 Kc5 43. Ke4 Kd6 44. Bc4 Kc5 45. Nc1 f5+
46. Ke5 Ng4+ 47. Kxf5 Ne3+ 48. Kxg5 Nxc4 49. bxc4 Kxc4 50. Kf4 1-0

[Event "2. Bundesliga Ost 2015/2016"]
[Site "Wien"]
[Date "2016.02.21"]
[Round "6"]
[Board "5"]
[White "Ernst, Michael"]
[Black "Schirmbeck, Hannes"]
[Result "1/2-1/2"]
[WhiteElo "2163"]
[BlackElo "2136"]
[PlyCount "40"]
[EventDate "2015.10.17"]
[EventType "team"]
[EventRounds "11"]
[EventCountry "AUT"]
[WhiteTeam "ASVOE VHS Poechlarn"]
[BlackTeam "SV Stockerau"]

1. d4 Nf6 2. Bf4 e6 3. e3 d5 4. Nd2 Be7 5. h3 O-O 6. Ngf3 c5 7. c3 b6 8. Bd3
Ba6 9. Bxa6 Nxa6 10. O-O Nb8 11. Ne5 Nfd7 12. Qa4 Nxe5 13. Bxe5 Qd7 14. Qxd7
Nxd7 15. Bg3 Rac8 16. a4 a6 17. Rfd1 Kh8 18. Rf1 Kg8 19. Rfd1 Kh8 20. Rf1 Kg8
 1/2-1/2

[Event "2. Bundesliga Ost 2015/2016"]
[Site "Wien"]
[Date "2016.02.21"]
[Round "6"]
[Board "6"]
[White "Batyte, Daiva"]
[Black "Schweitzer, Werner"]
[Result "1-0"]
[WhiteElo "2107"]
[BlackElo "2026"]
[PlyCount "157"]
[EventDate "2015.10.17"]
[EventType "team"]
[EventRounds "11"]
[EventCountry "AUT"]
[WhiteTeam "SV Stockerau"]
[BlackTeam "ASVOE VHS Poechlarn"]

1. c4 Nf6 2. Nc3 g6 3. g3 Bg7 4. Bg2 O-O 5. d4 d6 6. e4 e5 7. Nge2 Nc6 8. d5
Ne7 9. O-O Nd7 10. Be3 a5 11. Qd2 f5 12. Bh6 Nc5 13. Bxg7 Kxg7 14. f4 Nd7 15.
Rae1 Ng8 16. exf5 gxf5 17. fxe5 dxe5 18. a3 a4 19. Nc1 Qe7 20. Kh1 Ra6 21. Nd3
e4 22. Nb4 Rh6 23. Qd4+ Qe5 24. Qe3 Nb6 25. Nd3 Qe8 26. Qd4+ Nf6 27. Nf4 Bd7
28. c5 Nc8 29. Kg1 Kg8 30. Qc4 Kh8 31. Qd4 Kg8 32. Bf3 Qf7 33. Bd1 Ne7 34. Be2
Qg7 35. Qe5 Nh5 36. Qxg7+ Nxg7 37. Rd1 Ng6 38. Ng2 Ne5 39. Rd4 Ra8 40. Rb4 Ra5
41. Rxb7 Rxc5 42. Rb8+ Ne8 43. Ne3 Rb6 44. Rxb6 cxb6 45. Nxf5 Nf6 46. Nd6 Nxd5
47. Ndxe4 Nxc3 48. bxc3 Rc7 49. Nf6+ Kg7 50. Nxd7 Nxd7 51. Bb5 Ne5 52. Rc1 Nc4
53. Bxc4 Rxc4 54. Kf2 Kf6 55. Ke3 Ke5 56. Kd3 b5 57. Re1+ Kd6 58. Re4 Rc5 59.
c4 bxc4+ 60. Rxc4 Rf5 61. Rxa4 Rf2 62. Rh4 Rf3+ 63. Ke4 Rxa3 64. Rxh7 Ke6 65.
Rh6+ Kf7 66. Rd6 Ra2 67. h4 Rf2 68. g4 Kg7 69. h5 Rf1 70. Rg6+ Kh7 71. Ke5 Rf2
72. Rf6 Ra2 73. Kf5 Ra5+ 74. Kf4 Kg7 75. Rf5 Ra1 76. Kg5 Ra6 77. Re5 Ra7 78.
h6+ Kh7 79. Kh5 1-0

[Event "2. Bundesliga Ost 2015/2016"]
[Site "Wien"]
[Date "2016.02.21"]
[Round "6"]
[Board "1"]
[White "Lipka, Juraj"]
[Black "Szabo, Krisztian"]
[Result "1/2-1/2"]
[WhiteElo "2411"]
[BlackElo "2513"]
[PlyCount "34"]
[EventDate "2015.10.17"]
[EventType "team"]
[EventRounds "11"]
[EventCountry "AUT"]
[WhiteTeam "ASVOE Pamhagen"]
[BlackTeam "ASVOE Mattersburg"]

1. Nf3 Nf6 2. c4 g6 3. Nc3 Bg7 4. e4 d6 5. d4 O-O 6. Be2 e5 7. dxe5 dxe5 8.
Qxd8 Rxd8 9. Bg5 Re8 10. Nd5 Nxd5 11. cxd5 c6 12. Bc4 cxd5 13. Bxd5 Nd7 14. Nd2
Nc5 15. O-O-O Be6 16. Bxe6 Nxe6 17. Be3 Nf8 1/2-1/2

[Event "2. Bundesliga Ost 2015/2016"]
[Site "Wien"]
[Date "2016.02.21"]
[Round "6"]
[Board "2"]
[White "Petran, Peter"]
[Black "Vitouch, Anatol"]
[Result "1/2-1/2"]
[WhiteElo "2360"]
[BlackElo "2254"]
[PlyCount "52"]
[EventDate "2015.10.17"]
[EventType "team"]
[EventRounds "11"]
[EventCountry "AUT"]
[WhiteTeam "ASVOE Mattersburg"]
[BlackTeam "ASVOE Pamhagen"]

1. Nf3 c5 2. g3 Nc6 3. Bg2 g6 4. c3 Bg7 5. d4 cxd4 6. cxd4 d5 7. Nc3 e6 8. O-O
Nge7 9. Rb1 Nf5 10. e3 O-O 11. b4 Nd6 12. a4 Re8 13. Nd2 Bd7 14. Ba3 Bf8 15.
Qb3 Rc8 16. Rfc1 h5 17. Qd1 Nf5 18. Rb3 a5 19. b5 Nb4 20. Ncb1 Rxc1 21. Qxc1
Bd6 22. Qd1 Qb8 23. Nf3 Rc8 24. Rc3 Rxc3 25. Nxc3 Qc8 26. Bb2 Be7 1/2-1/2

[Event "2. Bundesliga Ost 2015/2016"]
[Site "Wien"]
[Date "2016.02.21"]
[Round "6"]
[Board "3"]
[White "Alvir, Aco"]
[Black "Brod, Manfred"]
[Result "1/2-1/2"]
[WhiteElo "2368"]
[BlackElo "2259"]
[PlyCount "38"]
[EventDate "2015.10.17"]
[EventType "team"]
[EventRounds "11"]
[EventCountry "AUT"]
[WhiteTeam "ASVOE Pamhagen"]
[BlackTeam "ASVOE Mattersburg"]

1. e4 e6 2. d4 d5 3. Nc3 Nf6 4. Bg5 Be7 5. e5 Nfd7 6. Bxe7 Qxe7 7. f4 O-O 8.
Nf3 c5 9. Qd2 Nc6 10. dxc5 Qxc5 11. Bd3 Nb6 12. a3 Nc4 13. Bxc4 Qxc4 14. O-O-O
b5 15. b3 Qc5 16. Kb2 a5 17. Nd4 Ba6 18. Nxc6 Qxc6 19. Na2 Rfc8 1/2-1/2

[Event "2. Bundesliga Ost 2015/2016"]
[Site "Wien"]
[Date "2016.02.21"]
[Round "6"]
[Board "4"]
[White "Wiedner, Robert"]
[Black "Rubil, Marko"]
[Result "0-1"]
[WhiteElo "2197"]
[BlackElo "2217"]
[PlyCount "40"]
[EventDate "2015.10.17"]
[EventType "team"]
[EventRounds "11"]
[EventCountry "AUT"]
[WhiteTeam "ASVOE Mattersburg"]
[BlackTeam "ASVOE Pamhagen"]

1. Nf3 d5 2. d4 Nf6 3. c4 dxc4 4. Qa4+ c6 5. Qxc4 Bf5 6. Nc3 e6 7. Bg5 Be7 8.
e3 h6 9. Bxf6 Bxf6 10. Be2 O-O 11. O-O Nd7 12. Rfd1 Rc8 13. h3 Bc2 14. a4 Nb6
15. Qa2 Bxd1 16. Rxd1 Nd5 17. Ne4 Be7 18. Ne5 Nb4 19. Qb3 Qd5 20. Bc4 Qxe4 0-1

[Event "2. Bundesliga Ost 2015/2016"]
[Site "Wien"]
[Date "2016.02.21"]
[Round "6"]
[Board "6"]
[White "Strodl, Joachim"]
[Black "Prinzjakowitsch, Bernhard"]
[Result "1-0"]
[WhiteElo "2120"]
[BlackElo "2176"]
[PlyCount "155"]
[EventDate "2015.10.17"]
[EventType "team"]
[EventRounds "11"]
[EventCountry "AUT"]
[WhiteTeam "ASVOE Mattersburg"]
[BlackTeam "ASVOE Pamhagen"]

1. e4 c5 2. Nf3 d6 3. d3 Nc6 4. g3 g6 5. Bg2 Bg7 6. O-O Nf6 7. Nbd2 O-O 8. Re1
Qc7 9. Nf1 d5 10. c3 d4 11. c4 Bd7 12. Qe2 e5 13. Nh4 a6 14. Nd2 b5 15. a3 Be6
16. b3 Rab8 17. Nhf3 h6 18. Qd1 Nd7 19. h4 Bg4 20. Qc2 Qd6 21. Nf1 bxc4 22.
bxc4 Na5 23. Bd2 Nb3 24. Rab1 Nxd2 25. N1xd2 Nb6 26. Rb2 Bd7 27. Reb1 Ba4 28.
Qc1 Nd7 29. Bh3 Nb6 30. Nb3 f5 31. Nfd2 f4 32. Nf1 Kh7 33. Qe1 fxg3 34. fxg3
Rf3 35. Nc1 Rf7 36. Ne2 Rfb7 37. Nh2 Bc6 38. Nf3 Qf6 39. Bg2 Qe7 40. g4 Na4 41.
Rxb7 Rxb7 42. Rxb7 Qxb7 43. Qg3 Qb1+ 44. Kh2 Qxd3 45. Ng5+ hxg5 46. Qxd3 gxh4
47. g5 Bf8 48. Qh3 Nb2 49. Qxh4+ Kg8 50. Qg4 Be8 51. Nc1 Bf7 52. Bf1 Nxc4 53.
Bxc4 Bxc4 54. Qd7 Bb5 55. Qe6+ Kh7 56. Qxe5 d3 57. Qd5 c4 58. a4 Bxa4 59. Nxd3
cxd3 60. Qxd3 Bb5 61. Qd5 Kg7 62. e5 Be7 63. e6 Be8 64. Kg3 Kf8 65. Qe5 Kg8 66.
Kh4 Bb5 67. Qe4 Be8 68. Qa8 Kf8 69. Qxa6 Kg7 70. Qd3 Kg8 71. Qd5 Kg7 72. Qa8
Kf8 73. Kg4 Bd6 74. Qf3+ Kg8 75. Qf6 Ba3 76. e7 Bf7 77. Qe5 Be8 78. Qb8 1-0

[Event "2. Bundesliga Ost 2015/2016"]
[Site "Wien"]
[Date "2016.02.21"]
[Round "6"]
[Board "1"]
[White "Zilka, Stepan"]
[Black "Hangweyrer, Manfred"]
[Result "1-0"]
[WhiteElo "2520"]
[BlackElo "2390"]
[PlyCount "99"]
[EventDate "2015.10.17"]
[EventType "team"]
[EventRounds "11"]
[EventCountry "AUT"]
[WhiteTeam "Blackburne Nickelsdorf"]
[BlackTeam "SK Austria"]

1. d4 d5 2. c4 c6 3. Nf3 Nf6 4. Nc3 Qb6 5. e3 Bf5 6. Be2 e6 7. Nh4 Bg6 8. O-O
Nbd7 9. a3 Be7 10. Bd2 O-O 11. Nxg6 hxg6 12. b4 dxc4 13. Bxc4 e5 14. Ne2 Rad8
15. Qc2 exd4 16. Nxd4 Ne5 17. Be2 Bd6 18. Rfd1 Rfe8 19. Rac1 Bb8 20. Nf3 Qc7
21. g3 Qc8 22. Nxe5 Bxe5 23. b5 cxb5 24. Bxb5 Qxc2 25. Rxc2 Re7 26. Rdc1 Bd6
27. a4 Ne4 28. Be1 b6 29. Rd1 Re6 30. Rc6 Kf8 31. Bb4 Nc5 32. Bxc5 bxc5 33. Ra6
Be7 34. Rxd8+ Bxd8 35. Rxa7 Re4 36. Rd7 Ba5 37. Ra7 Bd8 38. Bc6 Rb4 39. Bd5 c4
40. Rxf7+ Ke8 41. Rf4 Rb1+ 42. Kg2 c3 43. Bf7+ Ke7 44. Bxg6 Rb2 45. Rc4 Ba5 46.
Rc5 Bb4 47. Rb5 Ba3 48. Rxb2 cxb2 49. a5 Bc5 50. h4 1-0

[Event "2. Bundesliga Ost 2015/2016"]
[Site "Wien"]
[Date "2016.02.21"]
[Round "6"]
[Board "2"]
[White "Plachetka, Jan"]
[Black "Schwarhofer, Christopher"]
[Result "1/2-1/2"]
[WhiteElo "2373"]
[BlackElo "2378"]
[PlyCount "61"]
[EventDate "2015.10.17"]
[EventType "team"]
[EventRounds "11"]
[EventCountry "AUT"]
[WhiteTeam "SK Austria"]
[BlackTeam "Blackburne Nickelsdorf"]

1. e4 c6 2. d4 g6 3. Nc3 Bg7 4. Nf3 d5 5. h3 dxe4 6. Nxe4 Nf6 7. Nxf6+ exf6 8.
Bc4 O-O 9. O-O Qd6 10. Re1 Nd7 11. Bb3 b5 12. a4 b4 13. c4 c5 14. Be3 cxd4 15.
Nxd4 Nc5 16. Bc2 Ne6 17. Nf5 Qxd1 18. Ne7+ Kh8 19. Raxd1 f5 20. b3 f4 21. Be4
fxe3 22. Bxa8 exf2+ 23. Kxf2 Bc3 24. Re3 Nc5 25. Nd5 Bf5 26. Nxc3 bxc3 27. Bd5
c2 28. Rc1 Rb8 29. Rc3 Rxb3 30. R1xc2 Bxc2 31. Rxc2 1/2-1/2

[Event "2. Bundesliga Ost 2015/2016"]
[Site "Wien"]
[Date "2016.02.21"]
[Round "6"]
[Board "3"]
[White "Lendwai, Reinhard"]
[Black "Higatsberger, Michael"]
[Result "1/2-1/2"]
[WhiteElo "2360"]
[BlackElo "2148"]
[PlyCount "62"]
[EventDate "2015.10.17"]
[EventType "team"]
[EventRounds "11"]
[EventCountry "AUT"]
[WhiteTeam "Blackburne Nickelsdorf"]
[BlackTeam "SK Austria"]

1. c4 c6 2. Nc3 d5 3. e3 Nf6 4. Nf3 Bg4 5. Qb3 Qb6 6. Ne5 Bf5 7. Qd1 Nbd7 8.
Nxd7 Bxd7 9. d4 g6 10. Be2 Bg7 11. O-O O-O 12. b3 Rfe8 13. Bb2 Rad8 14. Rc1 e6
15. Qc2 Bc8 16. Rfd1 Qc7 17. h3 Qe7 18. Qb1 Nd7 19. Bf1 f5 20. Ne2 Nf6 21. g3
g5 22. Bg2 Rf8 23. Rc2 Ne4 24. Qc1 Qf6 25. f4 Rf7 26. Rf1 gxf4 27. Bxe4 fxe4
28. Nxf4 Qh6 29. h4 Bf8 30. Rcf2 Rg7 31. Kh2 Be7 1/2-1/2